00318nam a2200133Ia 4500008004100000041000800041082001500049100001600064245003600080260002800116300000800144365001600152700001600168230718s9999 xx 000 0 und d aeng a330.3bWUO aWuoria Jeff aCNBC Guide To Money And Markets c2001bJohn Wiley & Sons a175 cRs.b875.00 aWuoria Jeff